I am no river like yesterday : (Record no. 13518)
[ view plain ]
| 000 -LEADER | |
|---|---|
| fixed length control field | 00495cam a2200169 a 4500 |
| 003 - CONTROL NUMBER IDENTIFIER | |
| control field | OSt |
| 005 - DATE AND TIME OF LATEST TRANSACTION | |
| control field | 20160510093313.0 |
| 008 - FIXED-LENGTH DATA ELEMENTS--GENERAL INFORMATION | |
| fixed length control field | 941021s1994 vtu 000 0 eng |
| 020 ## - INTERNATIONAL STANDARD BOOK NUMBER | |
| International Standard Book Number | 0823304973 |
| 040 ## - CATALOGING SOURCE | |
| Original cataloging agency | SEKU |
| 050 00 - LIBRARY OF CONGRESS CALL NUMBER | |
| Classification number | PS 3552.A34 |
| Item number | .B3 |
| 100 1# - MAIN ENTRY--PERSONAL NAME | |
| Personal name | Bagley, James R. |
| 245 10 - TITLE STATEMENT | |
| Title | I am no river like yesterday : |
| Remainder of title | selected poems, 1974-1994 / |
| Statement of responsibility, etc. | by James R. Bagley. |
| 260 ## - PUBLICATION, DISTRIBUTION, ETC. (IMPRINT) | |
| Place of publication, distribution, etc. | Manchester Center, Vt. : |
| Name of publisher, distributor, etc. | Golden Quill Press, |
| Date of publication, distribution, etc. | 1994. |
| 300 ## - PHYSICAL DESCRIPTION | |
| Extent | vii, 69 p. ; |
| Dimensions | 20 cm. |
| 942 ## - ADDED ENTRY ELEMENTS (KOHA) | |
| Source of classification or shelving scheme | Library of Congress Classification |
| Koha item type | General circulation |
| Withdrawn status | Lost status | Source of classification or shelving scheme | Damaged status | Not for loan | Home library | Current library | Shelving location | Date acquired | Source of acquisition | Total Checkouts | Full call number | Barcode | Date last seen | Price effective from | Koha item type | Public note |
|---|---|---|---|---|---|---|---|---|---|---|---|---|---|---|---|---|
| Library of Congress Classification | Main Campus Library | Main Campus Library | General Stacks | 10/05/2016 | Donation - Books for Africa | PS 3552.A34 .B3 | 2016/017431 | 10/05/2016 | 10/05/2016 | General circulation | JTH |